00968cam a2200241 a 450000500170000000800410001702000150005804000350007304100080010804400070011608200170012324501620014025000220030226000400032430000840036465000330044865000280048170000380050970000290054770000420057671000280061871000800064620191224041609.0001109t00002000ck ao 0 spa d a9586980235 aCO-BoPUJcCO-BoIAVHdCO-BoIAVH0 aspa ack04a633.88bF85a 0aFundamentos de agrotecnología de cultivo de plantas medicinales iberoamericanas / cEditores Jose Vicente Martinez A., Henry Yesid Bernal y Armando Caceres aPrimera edición aSanta Fe de Bogota :bCYTED,c2000. a524 páginas :bilustraciones y fotografías a color ;c28 x 22 centímetros24aPlantas medicinalesxCultivo24aTecnología agrícola1 aMartinez A., Jose Vicenteeeditor1 aCaceres, Armandoeeditor1 aBernal Malagón, Henry Yesideeditor2 aConvenio Andrés Bello2 aPrograma Iberoamericano de Ciencia y Tecnología para el Desarrollo. CYTED